01588 a2200241 4500003000500000005001700005010001600022020001500038040000900053082001600062100002800078245005900106250001200165260003900177300003500216440008400251505077200335650004801107650003401155942001201189999001901201952012601220Nust20221122105346.0 a 81082747 a0675098874 cNust00a621.381,TOC1 aTocci, Ronald J.96645210aFundamentals of Electronic Devices /cRonald J. Tocci. a4th ed. aColumbus, Ohio :bMerrill,cc1982. axiii, 561 p. :bill. ;c26 cm. 0aMerrill's international series in electrical and electronics technology9103325 aBasic Atomic Theory (Page-1), Basics of Current Flow (Page-15), General Device Analysis (Page-22), Semiconductor Principles (Page-34), The P-N Junction (Page-52), Zener Diodes and Special Diodes (Page-97), Diode Circuits Examples (Page-128), Optoelectronic Devices (Page-153), Bipolar Transistors (Page-185), More on the Bipolar Transistor (Page-251), Transistor Amplifiers Principles (Page-293), The Common-Emitter Amplifiers (Page-315), Other Transistor Amplifiers (Page-352), Junction Field – Effect Transistors (Page-398), Mosfets and application of Fets (Page-443), Introduction to Integrated Circuits (Page-470), op – Amps and Application (Page-484), Industrial Devices (Page-524), Industrial Devices : Unijunstion Transistors and other Devices (Page-575).  0aElectronic apparatus and appliances.910193 0aTelecommunication Engineering 2ddccBK c181611d181611 00102ddc4070aMCSbMCScGENd2016-12-12o621.381,TOCpMCS22641r2016-12-08w2016-12-12yBKzAlmirah No.31, Shelf No.6